000 00787nam a2200193Ii 4500
003 JO-AjNU
008 230605s9999||||xx |||||||||||||| ||und||
040 _aJO-AjNU
_bara
_erda
_cJO-AjNU
041 _aara
050 1 4 _aHV8079.J65.U72 2017
100 3 _aعمان، مديرية الامن العام، ادارة المعلومات الجنائية,
_eauthor
_957891
245 0 0 _aالتقرير الاحصائي الجنائي 2017م=Criminal Statistical Report 2017
264 3 1 _aعمان: مديرية الامن العام، 2017
300 _a75ص
_bيشتمل على جداول بيانية
336 _atext
_btxt
_2rdacontent
337 _aunmediated
_bn
_2rdamedia
338 _avolume
_bnc
_2rdacarrier
650 4 _aالجريمة - الاردن - احصائيات
_957892
999 _aA25969
_c29537
_d29537